| 000 | 00902cac a22002291u 4500 | ||
|---|---|---|---|
| 008 | 081222t 2000xxu||||| |||| 00| 0 eng d | ||
| 010 | _a 99016344 | ||
| 020 | _a0471253529 (alk. paper) | ||
| 020 | _a9780471253525 | ||
| 082 | 0 | 0 |
_a657.0285 _bWIL |
| 245 | 0 | 0 |
_aAccounting Information Systems : _bEssential Concepts and Applications / _cJoseph W. Wilkinson ... [etc.]. |
| 250 | _a4th ed. | ||
| 260 |
_aNew York : _bWiley, _cc2000. |
||
| 300 |
_axiv, 594 p. : _bill. ; _c27 cm. + _e1 computer disc (4 3/4 in.) |
||
| 504 | _aIncludes bibliographical references and index. | ||
| 650 | 0 |
_aAccounting _xData processing. _919144 |
|
| 650 | 0 |
_aManagement information systems. _919145 |
|
| 700 | 1 |
_aWilkinson, Joseph W. _91539 |
|
| 856 | 4 | 2 | _uhttp://www.loc.gov/catdir/description/wiley033/99016344.html |
| 856 | 4 | 2 | _uhttp://www.loc.gov/catdir/toc/onix04/99016344.html |
| 942 |
_cNB _k657.0285WIL _2ddc |
||
| 999 |
_c4582 _d4582 |
||